Geschichte: Was kam zuerst? #1 - Statistiken

Allgemein
  • Dieses Quiz wurde 19.238 mal gespielt
  • Das Durchschnittsergebnis liegt bei 12 aus 18
Antwortstatistiken
Frage Antwort % Korrekt
Das Mittelalter oder die Renaissance Mittelalter
93%
Das Flugzeug oder der digitale Computer Flugzeug
88%
Athen oder Rom Athen
84%
Bierflaschen oder Bierdosen Flaschen
83%
Dickens oder Shakespeare Shakespeare
82%
Der Amerikanische oder Englische Bürgerkrieg Englischer Bürgerkrieg
80%
Christoph Kolumbus oder Schießpulver Schießpulver
76%
Kunstbewegungen: Barock oder Romantik Barock
75%
Die Bronzezeit oder die Eisenzeit Bronzezeit
71%
Die Bibel oder der Koran Bibel
68%
Louis Armstrong oder Miles Davis Louis Armstrong
64%
Henry VIII oder Richard Löwenherz Richard Löwenherz
62%
Napoleon oder Dynamit Napoleon
57%
Julius Caesar oder Alexander Der Große Alexander Der Große
56%
Baseball oder Golf Golf
53%
Jura oder Trias Trias
44%
Karl der Große oder Dschingis Khan Karl der Große
41%
Blumen oder Insekten Insekten
40%
Keine übereinstimmenden Quizze gefunden
Verteilung der Resultate
Anzahl Personen mit jedem Resultat
Perzentil nach korrekt beantworteten Fragen
Ihre Resultats-Entwicklung
Sie haben dieses Quiz noch nicht gespielt